Dogotal signal processing applications with the TMS320 family Vol-2 / (Record no. 595329)

000 -LEADER
fixed length control field 00647nam a22001217a 4500
040 ## - CATALOGING SOURCE
Transcribing agency NUST
082 ## - DEWEY DECIMAL CLASSIFICATION NUMBER
Classification number 621.3822.PRO
245 ## - TITLE STATEMENT
Title Dogotal signal processing applications with the TMS320 family Vol-2 /
Statement of responsibility, etc. Edited by Panos Papamichalis, ph.D., Digital signal Processing Semiconductor Group Texas Instruments
260 ## - PUBLICATION, DISTRIBUTION, ETC.
Name of publisher, distributor, etc. texes instruments
Date of publication, distribution, etc. 1994
300 ## - PHYSICAL DESCRIPTION
Extent 618 p.;
505 ## - FORMATTED CONTENTS NOTE
Formatted contents note Part-1: Introduction (Page-3), Part-II: Digital Signal Processing Interface Techniques (Page-53), Part-III: Data Communications (Page-221), PArt-IV: Telecommunications (Page-423), Part-V: Control (Page-529),Part-Vi: Tools (PAge-585).
942 ## - ADDED ENTRY ELEMENTS (KOHA)
Source of classification or shelving scheme
Koha item type Book
Call number prefix 621.3822,PRO
Holdings
Withdrawn status Lost status Source of classification or shelving scheme Damaged status Not for loan Permanent Location Current Location Shelving location Date acquired Full call number Barcode Date last seen Price effective from Koha item type Public note
          Military College of Signals (MCS) Military College of Signals (MCS) General Stacks 07/27/2023 621.3822,PRO MCS36711 07/27/2023 07/27/2023 Book Almirha No 83, Shelf No 3
© 2023 Central Library, National University of Sciences and Technology. All Rights Reserved.